000 00356nam a2200169Ia 4500
100 _aMasters/Jon/ Blum/R
650 _aLinux
942 _cBK
366 _f20
654 _alinux programming
245 _aProfessional Linux programming
260 _bWiley India
_c2007
082 _a5.133
_bMAS
300 _a465
546 _aENGLISH
999 _c25637
_d25637